Catálogo

THE DESIGNERS INDEX 4 (Registro nro. 3317)

Detalles MARC
000 -LEADER
fixed length control field 00476nam a2200193 a 4500
001 - CONTROL NUMBER
control field 3317
003 - CONTROL NUMBER IDENTIFIER
control field Mx-PuUPA
005 - DATE AND TIME OF LATEST TRANSACTION
control field 20260116102214.0
008 - FIXED-LENGTH DATA ELEMENTS--GENERAL INFORMATION
fixed length control field 140415s1990 cc 000 0 eng d
040 ## - CATALOGING SOURCE
Transcribing agency Mx-PuUPA
041 ## - LANGUAGE CODE
Language code of text/sound track or separate title eng
082 ## - DEWEY DECIMAL CLASSIFICATION NUMBER
Classification number 741.67
Item number DES
245 04 - TITLE STATEMENT
Title THE DESIGNERS INDEX 4
250 ## - EDITION STATEMENT
Edition statement 1a ed.
260 ## - PUBLICATION, DISTRIBUTION, ETC.
Place of publication, distribution, etc. CHINA :
Name of publisher, distributor, etc. ROTOVISION,
Date of publication, distribution, etc. 1990
300 ## - PHYSICAL DESCRIPTION
Extent 276
650 14 - SUBJECT ADDED ENTRY--TOPICAL TERM
Topical term or geographic name entry element DISEO GRAFICO
General subdivision PUBLICIDAD COMERCIAL ARTISTICA
-- PUBLICIDAD GRAFICA
942 ## - ADDED ENTRY ELEMENTS (KOHA)
Source of classification or shelving scheme Dewey Decimal Classification
Koha item type Libro
Existencias
Withdrawn status Lost status Source of classification or shelving scheme Damaged status Not for loan Collection code Home library Current library Shelving location Date acquired Source of acquisition Inventory number Total Checkouts Full call number Barcode Date last seen Price effective from Koha item type
    Dewey Decimal Classification     General Biblioteca Karol Wojtyla Biblioteca Karol Wojtyla Sala general 03/12/2013 Compra 151000000000000000014317   741.67 DES 14317 05/01/2026 03/12/2013 Libro